Laporan ekonomi 1999/2000 : Kementerian kewangan malaysia
| Format: | Book |
|---|---|
| Published: |
Kuala Lumpur :
Kementerian kewangan malaysia ,
1999
|
| Subjects: |
MARC
| LEADER | 00000cam a2200000 7i4500 | ||
|---|---|---|---|
| 001 | 0000014318 | ||
| 005 | 20040415.0 | ||
| 040 | |a INS | ||
| 090 | 0 | 0 | |a HC445.5 |b Z7L299 1999 |
| 245 | 1 | 0 | |a Laporan ekonomi 1999/2000 : |b Kementerian kewangan malaysia |
| 260 | |a Kuala Lumpur : |b Kementerian kewangan malaysia , |c 1999 | ||
| 300 | |a iv : |b ixixp ; |c 27cm. | ||
| 650 | 0 | 0 | |a Malaysia |x Economic conditions |y Periodicals |
| 650 | 0 | 0 | |a Malaysia |x Economic policy |y Periodicals |
| 999 | |a 0000019529 |b BOOK |c Red Spot |e Default branch | ||